Statistics for All Countries with 7+ Borders

Click here to take the quiz!

General Stats

  • This quiz has been taken 32 times
  • The average score is 16 of 20

Answer Stats

Answer% Correct
Russia
100%
China
96%
Brazil
92%
Democratic Republic of the Congo
92%
France
92%
Germany
92%
Turkey
85%
Ukraine
85%
Iran
81%
Niger
81%
Hungary
77%
Poland
77%
Serbia
77%
Austria
73%
Mali
69%
Saudi Arabia
69%
Sudan
65%
Zambia
65%
Algeria
62%
Tanzania
62%

Score Distribution

Percentile by Number Answered

Percent of People with Each Score

Your Score History

You have not taken this quiz